Geography quiz (extremely difficult) - Statistics

General Stats
  • This quiz has been taken 262 times
  • The average score is 10 of 15
Answer Stats
Hint Answer % Correct
What Country starts with the letter y? Yemen
99%
What is the smallest state in the USA? Rhode Island
93%
What is the capital city of Greenland? Nuuk
79%
What is the capital city of Papua New Guinea? Port Moresby
79%
What country is 100 procent Christian? Vatican City
79%
What is the capital city of Rwanda? Kigali
77%
What is the capital city of Kyrgystan? Bishkek
71%
What was back in 1950 the capital city of west-Germany? Bonn
71%
What is the third most populous city in Nigeria? Abuja
68%
What is the Third most populated city in the Netherlands? The Hague
65%
What desert is in South Africa and also parts in Botswana and Namibia? Kalahari desert
63%
What is the least populous country in Africa? Seychelles
62%
How many times has China changed its capital? 30
35%
What is the lowest laying capital of the world? Baku
31%
And what country has the highest Muslim percentage? Mauritania
20%
No matching quizzes found
Score Distribution
Percent of People with Each Score
Percentile by Number Answered
Your Score History
You have not taken this quiz